[Event "Ostsjaellands EMT 2004"]
[Site "Faxe"]
[Date "2004.04.28"]
[Round "6"]
[White "Karstensen, Preben"]
[Black "Christoffersen, Per"]
[Result "1/2-1/2"]
[WhiteElo "1533"]
[BlackElo "1425"]
[PlyCount "82"]
[EventDate "2004.??.??"]

1. e4 e6 2. d4 d5 3. exd5 exd5 4. Nf3 Bd6 5. h3 Nf6 6. Bd3 O-O 7. O-O Nbd7 8.
Bg5 c6 9. c3 Qb6 10. Qb3 Re8 11. Nbd2 h6 12. Bxf6 Nxf6 13. Rfe1 Bd7 14. c4 Qxb3
15. axb3 Rxe1+ 16. Rxe1 Bb4 17. Re2 Nh5 18. Re3 Nf4 19. Nf1 Kf8 20. Ng3 g6 21.
Bc2 Re8 22. c5 b6 23. Ne5 Rd8 24. cxb6 axb6 25. Nf1 c5 26. dxc5 bxc5 27. Nd3
Nxd3 28. Bxd3 Ra8 29. Re2 Ra1 30. f3 Be6 31. Kf2 Kg7 32. Ne3 h5 33. g4 hxg4 34.
hxg4 Ra5 35. Nc2 Kf6 36. Nxb4 cxb4 37. Kg3 Ra1 38. Kf4 Rd1 39. g5+ Kg7 40. Bc2
Rg1 41. Rd2 Rc1 1/2-1/2

[Event "Ostsjaellands EMT 2004"]
[Site "Faxe"]
[Date "2004.05.05"]
[Round "7"]
[White "Refsgaard, Kaj"]
[Black "Hansen, Mogens Egon"]
[Result "1/2-1/2"]
[WhiteElo "1618"]
[BlackElo "1357"]
[PlyCount "41"]
[EventDate "2004.??.??"]

1. c4 c5 2. Nc3 Nc6 3. Nf3 Nf6 4. d3 e6 5. g3 b6 6. Bg2 Bb7 7. O-O Be7 8. Bf4
O-O 9. Ne5 Rc8 10. Nb5 d6 11. Nxc6 Bxc6 12. Bxc6 Rxc6 13. Nxa7 Rc7 14. Nb5 Rb7
15. Qa4 Qd7 16. Qa6 Rd8 17. Rab1 e5 18. Bg5 h6 19. Bxf6 Bxf6 20. Qa4 Ra7 21.
Qb3 1/2-1/2

[Event "Ostsjaellands EMT 2004"]
[Site "Faxe"]
[Date "2004.05.05"]
[Round "7"]
[White "Hansen, Egon"]
[Black "Jensen, Leif"]
[Result "1/2-1/2"]
[WhiteElo "1597"]
[BlackElo "2036"]
[PlyCount "41"]
[EventDate "2004.??.??"]

1. Nf3 d5 2. d4 c6 3. e3 Bf5 4. c4 e6 5. a3 Nf6 6. Nc3 Nbd7 7. Bd3 Bg6 8. O-O
Bd6 9. Re1 Qc7 10. cxd5 exd5 11. e4 dxe4 12. Nxe4 Nxe4 13. Bxe4 O-O 14. Bxg6
hxg6 15. Bg5 Rfe8 16. Qd2 Nb6 17. Rxe8+ Rxe8 18. Re1 Qd7 19. Rxe8+ Qxe8 20. Qe1
Qxe1+ 21. Nxe1 1/2-1/2

[Event "Ostsjaellands EMT 2004"]
[Site "Faxe"]
[Date "2004.05.05"]
[Round "7"]
[White "Christoffersen, Per"]
[Black "Eckert, Svend"]
[Result "0-1"]
[WhiteElo "1425"]
[BlackElo "1463"]
[PlyCount "26"]
[EventDate "2004.??.??"]

1. d4 Nf6 2. c4 e5 3. dxe5 Ne4 4. Nf3 d6 5. exd6 Bxd6 6. e3 O-O 7. Qc2 Bf5 8.
Bd3 Re8 9. O-O Nc6 10. a3 Bg6 11. Nbd2 Nxd2 12. Qxd2 Bxd3 13. Rd1 Bxc4 0-1

[Event "Ostsjaellands EMT 2004"]
[Site "Faxe"]
[Date "2004.05.05"]
[Round "7"]
[White "Hansen, Erik Friberg"]
[Black "Karstensen, Preben"]
[Result "1/2-1/2"]
[WhiteElo "1283"]
[BlackElo "1533"]
[PlyCount "43"]
[EventDate "2004.??.??"]

1. c4 c5 2. Nc3 Nf6 3. Nf3 e6 4. e4 d6 5. d3 Be7 6. g3 Nc6 7. Be3 e5 8. Bg2 Bg4
9. O-O O-O 10. h3 Bxf3 11. Bxf3 Nd4 12. Bxd4 cxd4 13. Ne2 Nd7 14. Bg2 Bf6 15.
f4 g6 16. f5 Bg5 17. Kh2 Rb8 18. a4 a5 19. h4 Be3 20. Kh3 g5 21. h5 h6 22. g4
1/2-1/2

[Event "Ostsjaellands EMT 2004"]
[Site "Faxe"]
[Date "2004.05.05"]
[Round "7"]
[White "Wehlast, Svend Erik"]
[Black "Jensen, Herman"]
[Result "1/2-1/2"]
[WhiteElo "1425"]
[BlackElo "1663"]
[PlyCount "55"]
[EventDate "2004.??.??"]

1. d4 Nf6 2. Nf3 d6 3. Nc3 g6 4. Bg5 Bg7 5. e3 b6 6. Bxf6 Bxf6 7. h3 Bb7 8. Be2
Nd7 9. O-O O-O 10. Qd2 d5 11. b4 Re8 12. Rad1 e6 13. a4 c6 14. Rfe1 Qc7 15. Nb1
a5 16. b5 c5 17. c3 Rad8 18. Qb2 e5 19. Nbd2 e4 20. Nh2 Be7 21. Ndf1 f5 22. Rd2
c4 23. Ra1 g5 24. Ra2 Rf8 25. Bd1 Nf6 26. f3 Bc8 27. Rf2 Bd6 28. Qc1 1/2-1/2

[Event "Ostsjaellands EMT 2004"]
[Site "Faxe"]
[Date "2004.05.05"]
[Round "7"]
[White "Hansen, Arne Mandrup"]
[Black "Rasmussen, Arne"]
[Result "0-1"]
[WhiteElo "1298"]
[BlackElo "1258"]
[PlyCount "74"]
[EventDate "2004.??.??"]

1. e4 d5 2. exd5 Nf6 3. Nc3 Nxd5 4. Nxd5 Qxd5 5. Nf3 Nc6 6. Be2 e5 7. d3 Be7 8.
O-O Bf5 9. Bd2 O-O-O 10. a3 h5 11. Be3 a6 12. Qc1 h4 13. h3 f6 14. Rd1 g5 15.
c4 Qe6 16. Nh2 Nd4 17. Bxd4 Rxd4 18. b4 c5 19. b5 a5 20. Qe3 b6 21. Qf3 Kc7 22.
a4 Bg6 23. Re1 f5 24. Qe3 f4 25. Qd2 Rhd8 26. Qb2 Bf6 27. Bg4 Qd6 28. Rad1 e4
29. Qe2 Rxd3 30. Rxd3 Qxd3 31. Qxd3 exd3 32. Re6 Rd6 33. Kf1 Rxe6 34. Bxe6 d2
35. Bg4 Bc2 36. Be2 d1=Q+ 37. Bxd1 Bxd1 0-1

[Event "Ostsjaellands EMT 2004"]
[Site "Faxe"]
[Date "2004.05.05"]
[Round "7"]
[White "Toftvang, Ove"]
[Black "Jensen, Niels"]
[Result "0-1"]
[WhiteElo "1261"]
[BlackElo "1390"]
[PlyCount "178"]
[EventDate "2004.??.??"]

1. e4 e5 2. Nf3 Nc6 3. Bc4 Bc5 4. d3 h6 5. O-O d6 6. c3 a6 7. b4 Ba7 8. Qb3 Qe7
9. Nbd2 Nf6 10. Qd1 Bg4 11. h3 Bh5 12. Qa4 O-O 13. Qb3 Bg6 14. Nh4 Bh7 15. Nf5
Bxf5 16. exf5 Nh5 17. Ne4 Nd8 18. Qd1 Nf6 19. Bb3 c6 20. Qf3 d5 21. Nxf6+ Qxf6
22. Bc2 b5 23. Be3 Nb7 24. d4 e4 25. Qg4 Nd6 26. Bf4 Nxf5 27. Be5 Qg6 28. Bf4
Qxg4 29. hxg4 Nh4 30. Bg3 Ng6 31. f3 e3 32. Rfe1 Rfe8 33. Bxg6 fxg6 34. Re2 Bb6
35. Rae1 a5 36. Rb1 Ra7 37. Be5 axb4 38. Rxb4 Ra5 39. Rbb2 c5 40. Kf1 cxd4 41.
cxd4 Rc8 42. Rxe3 Rc4 43. Rd3 Bd8 44. g3 b4 45. Kg2 Ra6 46. Re3 Rac6 47. Rd3
Be7 48. f4 Kf7 49. Kf2 Rc1 50. Rf3 R1c2+ 51. Rxc2 Rxc2+ 52. Kf1 Rxa2 53. f5 Ra3
54. fxg6+ Kxg6 55. Rf2 b3 56. Rb2 Ra1+ 57. Ke2 Ra2 58. Rd2 Rxd2+ 59. Kxd2 Kg5
60. Kc3 b2 61. Kxb2 Kxg4 62. Bxg7 h5 63. Be5 Kf3 64. Kc3 Ke4 65. Kd2 Bb4+ 66.
Kc2 Be1 67. Kd1 Bf2 68. Ke2 Bxd4 69. Bf4 Bc5 70. Bc7 Bb4 71. Bd8 Bd6 72. Kf2 d4
73. Kg2 d3 74. Kf2 Bc5+ 75. Ke1 Bb4+ 76. Kd1 Kf3 77. Bc7 Kf2 78. Bf4 Kf1 79.
Bg5 Kf2 80. Bh4 Kf3 81. Kc1 Be1 82. Kd1 Bxg3 83. Bg5 Kg4 84. Be3 h4 85. Kd2 Bf4
86. Kxd3 Bxe3 87. Kxe3 Kg3 88. Ke2 Kg2 89. Ke3 h3 0-1